• 首页
  • 本馆介绍
  • 公告通知
  • 最新文献
  • 馆藏检索
  • 电子资源
  • 读者导购
  • 参考咨询
  • 我的图书馆
  • 登录
  • 详细信息显示
  • 放入我的书架
  • 预约/预借图书
  • 作者相关作品
  • 分类相关作品
  • 丛书相关作品
  • 出版社相关作品

书目信息

  • 表格格式
  • 工作单格式
  • 卡片格式
题名:
计划经济学
    
 
作者: 李震中 主编
分册:  
出版信息: 北京   中国人民大学出版社  1983
页数: 640页
开本: 21cm
丛书名:
单 册:
中图分类: F210
科图分类:
主题词: 计划经济学--高等学校--教材
电子资源:
ISBN:
000 00671nam0 2200253 45
001 0183003136
005 20040425131210.4
010    @dCNY2.15
091    @a4011.451
100    @a19950516d1983 em y0chiy0121 ea
101 0  @achi
102    @aCN@b110000
105    @ay z 000yy
106    @ar
200 10 @a计划经济学@Aji hua jing ji xue@f李震中主编
210    @a北京@c中国人民大学出版社@d1983
215    @a640页@d21cm
300    @a高等财经院校试用教材
606    @a计划经济学@x高等学校@x教材
690    @aF210@v3
701  0 @a李震中@Ali zhen zhong@4主编
801  0 @aCN@b上海图书馆@c20040425
801  2 @aCN@bNLC@c20040425
905    @f3@b92764-766@dF210@e13
    
    计划经济学/李震中主编.-北京:中国人民大学出版社,1983
    640页;21cm
    高等财经院校试用教材
    
    ISBN :CNY2.15
    
●
相关链接 在E读中查询图书 在五车中查询图书 在当当中查询图书 在豆瓣中查询图书


正题名:计划经济学     索取号:F210/13         预约/预借

序号 登录号 条形码 馆藏地/架位号 状态 备注
1 0092764   000489493   密集书库/ [索取号:F210/13] 在馆    
2 0092765   000204488   密集书库/ [索取号:F210/13] 在馆    
3 0092766   000489484   密集书库/ [索取号:F210/13] 在馆    
4 0092768   000204479   第一样本阅览室/ [索取号:F210/13] 在馆    
唐山师范学院图书馆 欢迎您!
大连网信软件有限公司© 版权所有